Central Library OPAC University of Rajshahi

Economic analysis and policy in underdevelopment countries / (Record no. 45539)

MARC details
000 -LEADER
fixed length control field 00658nam a22002177a 4500
001 - CONTROL NUMBER
control field 45539
003 - CONTROL NUMBER IDENTIFIER
rucl marc code BD-RjUL
005 - DATE AND TIME OF LATEST TRANSACTION
control field 20211209054030.0
008 - FIXED-LENGTH DATA ELEMENTS--GENERAL INFORMATION
fixed length control field 160726m19811957enk||||| |||| 00| 0 eng d
035 ## - SYSTEM CONTROL NUMBER
System control number (BD-RjUL) 45657
040 ## - CATALOGING SOURCE
Original cataloging agency BD-RjUL
Language of cataloging eng
Transcribing agency BD-RjUL
041 ## - LANGUAGE CODE
Language code of text/sound track or separate title eng
082 ## - DEWEY DECIMAL CLASSIFICATION NUMBER
Edition number 23
Classification number 338.91
Author mark and year BAE 1981
100 ## - MAIN ENTRY--PERSONAL NAME
Personal name Bauer, P.T.
9 (RLIN) 139391
245 10 - TITLE STATEMENT
Title Economic analysis and policy in underdevelopment countries /
Statement of responsibility, etc. P.T. Bauer
260 ## - PUBLICATION, DISTRIBUTION, ETC. (IMPRINT)
Place of publication, distribution, etc. Westport :
Name of publisher, distributor, etc. Greenwood press,
Date of publication, distribution, etc. 1981
300 ## - PHYSICAL DESCRIPTION
Pagination xiv, 145 p. ;
Size 21 cm.
500 ## - GENERAL NOTE
General note Index present
650 ## - SUBJECT ADDED ENTRY--TOPICAL TERM
Topical term or geographic name as entry element Países subdesarrollados
Form subdivision Condiciones económicas.
9 (RLIN) 139392
942 ## - ADDED ENTRY ELEMENTS (KOHA)
Source of classification or shelving scheme Dewey Decimal Classification
Koha item type Books
Holdings
Lost status Source of classification or shelving scheme Damaged status Not for loan Collection code Permanent Location Current Location Shelving location Date acquired Source of acquisition Cost, normal purchase price Total Checkouts Full call number Date last seen Copy number Koha item type
  Dewey Decimal Classification     Non-fiction Central Library, University of Rajshahi Central Library, University of Rajshahi   24/05/1983 Heffer 15.95   338.91 BAE 1981 26/07/2016 C-2 Books
  Dewey Decimal Classification     Non-fiction Central Library, University of Rajshahi Central Library, University of Rajshahi   24/05/1983 Heffer 15.95   338.91 BAE 1981 26/07/2016 C-3 Books